00329nam a2200109Ia 4500008004100000082000800041100001400049245004000063942000600103952009500109999001500204240331s9999 xx 000 0 und d bRAV aRavikumar 0aThalith :bkalai illakiyam araciyal cL 001040708LaWERCLbWERCLcSSCd2024-03-31l0o 305 RAVp2149r2024-03-31w2024-03-31yL c1439d1439